000 00491nam a22001937a 4500
001 00028543
005 20260311084450.0
008 260311b ag ||||| |||| 00| 0 spa d
020 _a9500904306
040 _bspa
_cAR-CcCEOS
080 _a22
090 _bLIB
245 _aEl libro del pueblo de Dios :
_bLa Biblia
250 _a1a ed.
260 _aBuenos Aires :
_bFundación Palabra de vida,
_c1981.
300 _a1808 p. ;
_c19x14 cm.
650 0 _abiblia
942 _2udc
_cBK
999 _c28573
_d28573
945 _a66467
_bMelina Rolando
_c66467
_dMelina Rolando